White death / (Record no. 2775)

MARC details
000 -LEADER
fixed length control field 01521cam a2200337 a 4500
005 - DATE AND TIME OF LATEST TRANSACTION
control field 20240115100418.0
020 ## - INTERNATIONAL STANDARD BOOK NUMBER
International Standard Book Number 9780194789233 (pbk.)
040 ## - CATALOGING SOURCE
Original cataloging agency DLC
Transcribing agency DLC
Modifying agency DLC
Language of cataloging eng
050 00 - LIBRARY OF CONGRESS CALL NUMBER
Classification number PE1126.A4
Item number V537 2009
082 00 - DEWEY DECIMAL CLASSIFICATION NUMBER
Classification number 4287.6
Edition number 22
100 1# - MAIN ENTRY--PERSONAL NAME
Personal name Vicary, Tim
Dates associated with a name 1949-
245 10 - TITLE STATEMENT
Title White death /
Statement of responsibility, etc. Tim Vicary
250 ## - EDITION STATEMENT
Edition statement This edition Oxford University Press 2008
260 ## - PUBLICATION, DISTRIBUTION, ETC.
Place of publication, distribution, etc. Oxford ;
-- New York :
Name of publisher, distributor, etc. Oxford University Press,
Date of publication, distribution, etc. 2008
300 ## - PHYSICAL DESCRIPTION
Extent 56 pages :
Other physical details illustrations ;
Dimensions 20 cm
490 0# - SERIES STATEMENT
Series statement Oxford Bookworms Library ; Stage 1, Thriller & Adventure
500 ## - GENERAL NOTE
General note "First published in Oxford Bookworms, 1989"--T.p. verso.
505 ## - FORMATTED CONTENTS NOTE
Formatted contents note G
520 ## - SUMMARY, ETC.
Summary, etc. Sarah Harland is nineteen, and she is in prison. At the airport, they find heroin in her bag. So, now she is waiting to go to court. If the court decides that it was her heroin, then she must die. She says she did not do it. But if she did not, who did? Only two people can help Sarah: her mother, and an old boyfriend who does not love her now. Can they work together? Can they find the real criminal before it is too late?
521 ## - TARGET AUDIENCE NOTE
Target audience note 310
Source Lexile
521 ## - TARGET AUDIENCE NOTE
Target audience note G
Source Raz-Plus
650 #0 - SUBJECT ADDED ENTRY--TOPICAL TERM
Topical term or geographic name entry element Readers (Adult)
650 #0 - SUBJECT ADDED ENTRY--TOPICAL TERM
Topical term or geographic name entry element English language
Form subdivision Textbooks for foreign speakers.
650 #0 - SUBJECT ADDED ENTRY--TOPICAL TERM
Topical term or geographic name entry element Reading comprehension
Form subdivision Problems, exercises, etc.
650 #0 - SUBJECT ADDED ENTRY--TOPICAL TERM
Topical term or geographic name entry element Teenage girls
Form subdivision Fiction.
650 #0 - SUBJECT ADDED ENTRY--TOPICAL TERM
Topical term or geographic name entry element Drug traffic
Form subdivision Fiction.
655 #7 - INDEX TERM--GENRE/FORM
Genre/form data or focus term Suspense fiction.
Source of term gsafd
906 ## - LOCAL DATA ELEMENT F, LDF (RLIN)
a 7
b cbc
c orignew
d 2
e ncip
f 20
g y-gencatlg
942 ## - ADDED ENTRY ELEMENTS (KOHA)
Source of classification or shelving scheme Dewey Decimal Classification
Koha item type Books
Suppress in OPAC No
999 ## -
-- 2775
-- 2775
Holdings
Withdrawn status Lost status Source of classification or shelving scheme Damaged status Not for loan Collection Home library Current library Shelving location Date acquired Total Checkouts Full call number Barcode Date last seen Date last checked out Price effective from Koha item type
    Dewey Decimal Classification     Fiction Footprints International School Library Network Toul Kork Campus Footprints International School Library Network Toul Kork Campus   01/15/2024 2 VIC 4287.6 PE1126.A4 FIS00303 02/19/2024 02/05/2024 01/15/2024 Books